[Event "NOE Landesliga 2017/2018"]
[Site "verschiedene"]
[Date "2017.10.01"]
[Round "1"]
[Board "1"]
[White "Lendwai, Reinhard"]
[Black "Weinzettl, Ernst"]
[Result "1/2-1/2"]
[WhiteElo "2380"]
[BlackElo "2278"]
[PlyCount "24"]
[EventDate "2017.10.01"]
[EventType "team"]
[EventRounds "11"]
[EventCountry "AUT"]
[WhiteTeam "SK Advisory Invest Baden"]
[BlackTeam "ASVOE VHS Poechlarn"]

1. e4 e5 2. Nf3 Nc6 3. Bb5 a6 4. Bxc6 dxc6 5. O-O Bg4 6. h3 h5 7. c3 Qd3 8.
hxg4 hxg4 9. Nxe5 Bd6 10. Nxd3 Bh2+ 11. Kh1 Bf4+ 12. Kg1 Bh2+  1/2-1/2

[Event "NOE Landesliga 2017/2018"]
[Site "verschiedene"]
[Date "2017.10.01"]
[Round "1"]
[Board "2"]
[White "Loeffler, Stefan"]
[Black "Hofegger, Jakob"]
[Result "1-0"]
[WhiteElo "2372"]
[BlackElo "2111"]
[PlyCount "57"]
[EventDate "2017.10.01"]
[EventType "team"]
[EventRounds "11"]
[EventCountry "AUT"]
[WhiteTeam "ASVOE VHS Poechlarn"]
[BlackTeam "SK Advisory Invest Baden"]

1. d4 Nf6 2. c4 g6 3. Nc3 Bg7 4. e4 d6 5. Nf3 O-O 6. Be2 e5 7. Bg5 Nbd7 8. Qc2
c6 9. Rd1 Qe7 10. O-O h6 11. Bh4 Re8 12. c5 exd4 13. cxd6 Qxd6 14. Nxd4 Qc5 15.
Nb3 Qb6 16. Kh1 Nc5 17. Nd2 Be6 18. f4 Bg4 19. Nc4 Qc7 20. Nd6 Bxe2 21. Qxe2
Rf8 22. f5 Ne8 23. e5 a5 24. fxg6 Nxd6 25. exd6 Qd7 26. Be7 fxg6 27. Qc4+ Ne6
28. Rfe1 Kf7 29. Rd3  1-0

[Event "NOE Landesliga 2017/2018"]
[Site "verschiedene"]
[Date "2017.10.01"]
[Round "1"]
[Board "3"]
[White "Trippold, Denise"]
[Black "Ganaus, Hannes"]
[Result "1/2-1/2"]
[WhiteElo "2084"]
[BlackElo "2239"]
[PlyCount "55"]
[EventDate "2017.10.01"]
[EventType "team"]
[EventRounds "11"]
[EventCountry "AUT"]
[WhiteTeam "SK Advisory Invest Baden"]
[BlackTeam "ASVOE VHS Poechlarn"]

1. d4 Nf6 2. c4 e6 3. Nf3 Bb4+ 4. Bd2 a5 5. g3 O-O 6. Qc2 c5 7. Bg2 Nc6 8. Bxb4
axb4 9. dxc5 Qa5 10. O-O Qxc5 11. Qd3 b6 12. Nbd2 Ba6 13. Rfe1 Rac8 14. Nb3 Qh5
15. Qe3 Rb8 16. h3 h6 17. a3 bxa3 18. Rxa3 Bc8 19. Nbd4 Nxd4 20. Nxd4 Bb7 21.
b4 Bxg2 22. Kxg2 e5 23. Nb5 d5 24. cxd5 Nxd5 25. Qe4 Nf6 26. Qe3 Nd5 27. Qe4
Nf6 28. Qe3  1/2-1/2

[Event "NOE Landesliga 2017/2018"]
[Site "verschiedene"]
[Date "2017.10.01"]
[Round "1"]
[Board "4"]
[White "Ernst, Michael"]
[Black "Zojer, Stefan"]
[Result "1-0"]
[WhiteElo "2135"]
[BlackElo "2127"]
[PlyCount "107"]
[EventDate "2017.10.01"]
[EventType "team"]
[EventRounds "11"]
[EventCountry "AUT"]
[WhiteTeam "ASVOE VHS Poechlarn"]
[BlackTeam "SK Advisory Invest Baden"]

1. d4 d5 2. Bf4 Nf6 3. e3 e6 4. Nd2 Bd6 5. Bg3 Nbd7 6. Ngf3 O-O 7. Bd3 Bxg3 8.
hxg3 h6 9. Ne5 Nxe5 10. dxe5 Nd7 11. Qh5 f6 12. Nf3 fxe5 13. Nxe5 Nxe5 14. Qxe5
Qf6 15. Qxf6 Rxf6 16. Rh5 Bd7 17. f4 Be8 18. Re5 Bg6 19. Bxg6 Rxg6 20. Kf2 Rf6
21. Rd1 c6 22. c4 Rc8 23. cxd5 exd5 24. e4 g5 25. exd5 cxd5 26. Rexd5 Rc2+ 27.
R1d2 Rc7 28. Ke3 Re7+ 29. Re5 gxf4+ 30. gxf4 Ref7 31. g3 Ra6 32. a3 Rb6 33.
Red5 Rg7 34. Kf2 Kh7 35. b4 Rc6 36. Rd6 Rc3 37. R2d3 Rc2+ 38. Kf3 Rcc7 39. g4
Rge7 40. f5 Rf7 41. Kf4 Rc4+ 42. R3d4 Rcc7 43. Re6 Rc1 44. Re3 Rf1+ 45. Rf3
Rxf3+ 46. Kxf3 h5 47. Rd6 Kg7 48. Kf4 hxg4 49. Kxg4 Rc7 50. Kg5 Kf7 51. Rh6 Kg7
52. f6+ Kg8 53. Kg6 Rc6 54. Rh7  1-0

[Event "NOE Landesliga 2017/2018"]
[Site "verschiedene"]
[Date "2017.10.01"]
[Round "1"]
[Board "1"]
[White "Schmidrathner, Christian"]
[Black "Hellmayr, Alois"]
[Result "1/2-1/2"]
[WhiteElo "2074"]
[BlackElo "2238"]
[PlyCount "86"]
[EventDate "2017.10.01"]
[EventType "team"]
[EventRounds "11"]
[EventCountry "AUT"]
[WhiteTeam "SG Bisamberg/Korneuburg"]
[BlackTeam "KSV Boehlerwerk"]

1. e4 c5 2. Nf3 Nc6 3. d4 cxd4 4. Nxd4 Qb6 5. Nb3 e6 6. Be3 Qc7 7. Bd3 Nf6 8.
O-O Be7 9. f3 d5 10. Nc3 O-O 11. exd5 exd5 12. Kh1 Re8 13. Nb5 Qb8 14. Qd2 Ne5
15. Bf4 Nh5 16. Bxe5 Qxe5 17. Rae1 Qb8 18. Qc3 Be6 19. Qc7 Bd8 20. Qxb8 Rxb8
21. Nxa7 Ra8 22. Nb5 Rxa2 23. Nd6 Rf8 24. Rb1 Bf6 25. c3 Nf4 26. Bf5 Rd8 27.
Bxe6 Rxd6 28. Bf5 Rb6 29. Ra1 Rxa1 30. Rxa1 g6 31. Bc2 Ne6 32. Rd1 Rb5 33. g3
Kg7 34. Rd2 h5 35. Bd1 Kf8 36. Nc1 d4 37. c4 Ra5 38. Nd3 b6 39. Kg2 Ra1 40. b4
Be7 41. f4 Rb1 42. b5 Bb4 43. Bc2 Bxd2  1/2-1/2

[Event "NOE Landesliga 2017/2018"]
[Site "verschiedene"]
[Date "2017.10.01"]
[Round "1"]
[Board "2"]
[White "Mostbauer, Florian"]
[Black "Wetscherek, Gerhard"]
[Result "1-0"]
[WhiteElo "2265"]
[BlackElo "2041"]
[PlyCount "73"]
[EventDate "2017.10.01"]
[EventType "team"]
[EventRounds "11"]
[EventCountry "AUT"]
[WhiteTeam "KSV Boehlerwerk"]
[BlackTeam "SG Bisamberg/Korneuburg"]

1. d4 Nf6 2. Bf4 g6 3. Nc3 c6 4. e4 Bg7 5. Qd2 Qa5 6. Nf3 b5 7. Bd3 b4 8. Nd1
O-O 9. e5 Nd5 10. Bh6 Ba6 11. Bxg7 Kxg7 12. Ne3 Bxd3 13. cxd3 Nxe3 14. fxe3 Na6
15. O-O Qb6 16. Qf2 Nc7 17. Ng5 f6 18. exf6+ exf6 19. Ne4 f5 20. Nd6 Nb5 21.
Nc4 Qc7 22. Rac1 d6 23. a4 bxa3 24. bxa3 a6 25. a4 Na7 26. Qg3 Rad8 27. e4 fxe4
28. Rxf8 Kxf8 29. dxe4 Kg8 30. h4 Qg7 31. e5 Nc8 32. Rb1 dxe5 33. Nxe5 c5 34.
Qb3+ Kf8 35. Rf1+ Ke8 36. Rf7 c4 37. Qxc4  1-0

[Event "NOE Landesliga 2017/2018"]
[Site "verschiedene"]
[Date "2017.10.01"]
[Round "1"]
[Board "3"]
[White "Ayatollahi, Ehsan"]
[Black "Heimberger, Reinhard"]
[Result "1/2-1/2"]
[WhiteElo "1931"]
[BlackElo "2265"]
[PlyCount "75"]
[EventDate "2017.10.01"]
[EventType "team"]
[EventRounds "11"]
[EventCountry "AUT"]
[WhiteTeam "SG Bisamberg/Korneuburg"]
[BlackTeam "KSV Boehlerwerk"]

1. d4 d5 2. c4 e6 3. Nc3 Nf6 4. Bg5 c6 5. e3 Be7 6. cxd5 exd5 7. Bd3 O-O 8. Qc2
Nbd7 9. Nge2 Re8 10. O-O Nf8 11. Rae1 h6 12. Bf4 Ne6 13. Bg3 Ng5 14. f3 Bd6 15.
Bf2 c5 16. dxc5 Bxc5 17. Nd4 Bd7 18. Qb3 Bc6 19. Nxc6 bxc6 20. Qa4 Qb6 21. Nd1
Nd7 22. Bf5 Ne6 23. a3 Ne5 24. b4 Bd6 25. Qc2 Nc4 26. Qd3 Qa6 27. e4 Nf4 28.
Qc3 Qxa3 29. exd5 Rxe1 30. Rxe1 Qxc3 31. Nxc3 Bxb4 32. Re4 cxd5 33. Nxd5 Nxd5
34. Rxc4 Be7 35. Be4 Rd8 36. Bxa7 Nf4 37. Be3 Bg5 38. Bxf4  1/2-1/2

[Event "NOE Landesliga 2017/2018"]
[Site "verschiedene"]
[Date "2017.10.01"]
[Round "1"]
[Board "4"]
[White "Strobel, Ferdinand"]
[Black "Haider, Johann"]
[Result "1-0"]
[WhiteElo "2036"]
[BlackElo "1861"]
[PlyCount "103"]
[EventDate "2017.10.01"]
[EventType "team"]
[EventRounds "11"]
[EventCountry "AUT"]
[WhiteTeam "KSV Boehlerwerk"]
[BlackTeam "SG Bisamberg/Korneuburg"]

1. f4 Nf6 2. Nf3 d5 3. e3 g6 4. d4 Bg7 5. Bd3 O-O 6. O-O Bg4 7. h3 Bxf3 8. Qxf3
c5 9. c3 Nc6 10. Nd2 e6 11. dxc5 Nd7 12. Nb3 Qe7 13. e4 d4 14. e5 dxc3 15. bxc3
Nxc5 16. Ba3 Nxe5 17. fxe5 b6 18. Qe3 Rac8 19. Bxc5 bxc5 20. Nd2 Qc7 21. Nc4
Rcd8 22. Rad1 Rd7 23. Be2 Rfd8 24. Rxd7 Rxd7 25. Rd1 Rxd1+ 26. Bxd1 Qc6 27. Bb3
Qd5 28. Qf3 h6 29. Qxd5 exd5 30. Ne3 Bxe5 31. Nxd5 Kg7 32. Kf2 f5 33. Ke3 h5
34. Kd3 Bd6 35. Kc4 a6 36. Nb6 g5 37. Kd5 Bc7 38. Nd7 g4 39. hxg4 fxg4 40. Nxc5
Ba5 41. c4 h4 42. Bd1 h3 43. gxh3 gxh3 44. Nxa6 Kf7 45. c5 Ke7 46. c6 h2 47.
Bf3 Kd8 48. Kd6 Kc8 49. c7 Bb6 50. Kc6 h1=Q 51. Bxh1 Bxc7 52. Nxc7  1-0

[Event "NOE Landesliga 2017/2018"]
[Site "verschiedene"]
[Date "2017.10.01"]
[Round "1"]
[Board "1"]
[White "Mikes, Jan"]
[Black "Blohberger, Felix"]
[Result "1/2-1/2"]
[WhiteElo "2233"]
[BlackElo "2335"]
[PlyCount "113"]
[EventDate "2017.10.01"]
[EventType "team"]
[EventRounds "11"]
[EventCountry "AUT"]
[WhiteTeam "SV Mistelbach"]
[BlackTeam "ASK Kottingbrunn"]

1. e4 e6 2. d4 d5 3. Nc3 Nf6 4. e5 Nfd7 5. f4 c5 6. Nf3 Nc6 7. Be3 a6 8. Qd2 b5
9. a3 Qa5 10. dxc5 Bxc5 11. Bxc5 Nxc5 12. Ne2 Qxd2+ 13. Nxd2 O-O 14. Nf3 f6 15.
exf6 gxf6 16. O-O-O Ne4 17. Rg1 Nf2 18. Rd2 Ne4 19. Rd1 Nf2 20. Rd2 Ne4 21. Rd3
Bb7 22. g4 Kh8 23. g5 fxg5 24. Nxg5 Nxg5 25. Rxg5 Rf6 26. Bh3 Raf8 27. Ng3 Nd8
28. Ne2 Nc6 29. Rh5 Ne7 30. Re3 Bc8 31. b3 Ng6 32. Kb2 a5 33. Rg5 b4 34. axb4
axb4 35. Rg1 Nxf4 36. Nxf4 Rxf4 37. Bxe6 d4 38. Re4 Rf2 39. Bc4 Bf5 40. Re2
Rxe2 41. Bxe2 Bg6 42. Rg2 Rf4 43. Kc1 Be4 44. Rg4 Rxg4 45. Bxg4 Kg7 46. Kd2 Kf6
47. Be2 Ke5 48. Bd3 Kf4 49. Bxe4 Kxe4 50. h4 h6 51. h5 d3 52. cxd3+ Kd4 53. Kc2
Ke3 54. d4 Kxd4 55. Kd2 Ke4 56. Ke2 Kd4 57. Kd2  1/2-1/2

[Event "NOE Landesliga 2017/2018"]
[Site "verschiedene"]
[Date "2017.10.01"]
[Round "1"]
[Board "3"]
[White "Hofmann, Thomas"]
[Black "Morgunov, Daniel"]
[Result "1-0"]
[WhiteElo "2244"]
[BlackElo "2149"]
[PlyCount "57"]
[EventDate "2017.10.01"]
[EventType "team"]
[EventRounds "11"]
[EventCountry "AUT"]
[WhiteTeam "SV Mistelbach"]
[BlackTeam "ASK Kottingbrunn"]

1. d4 Nf6 2. c4 g6 3. Nc3 Bg7 4. e4 d6 5. Be2 O-O 6. Be3 e5 7. d5 a5 8. g4 Na6
9. g5 Nd7 10. h4 Ndc5 11. h5 Nb4 12. a3 Nba6 13. b4 Nd7 14. Nf3 Rb8 15. Rb1 Qe8
16. hxg6 fxg6 17. Nh2 Qe7 18. Nb5 axb4 19. axb4 Rd8 20. Na7 Nb6 21. c5 Nxc5 22.
bxc5 dxc5 23. Qc2 Bf8 24. Nxc8 Rdxc8 25. Bg4 Nd7 26. Be6+ Kh8 27. Ng4 Bg7 28.
f3 Rf8 29. Rxh7+  1-0

[Event "NOE Landesliga 2017/2018"]
[Site "verschiedene"]
[Date "2017.10.01"]
[Round "1"]
[Board "4"]
[White "Todor, Razvan"]
[Black "Vrana, Frantisek"]
[Result "0-1"]
[WhiteElo "2161"]
[BlackElo "2253"]
[PlyCount "140"]
[EventDate "2017.10.01"]
[EventType "team"]
[EventRounds "11"]
[EventCountry "AUT"]
[WhiteTeam "ASK Kottingbrunn"]
[BlackTeam "SV Mistelbach"]

1. d4 f5 2. g3 Nf6 3. Bg2 g6 4. Nh3 Bg7 5. Nf4 d6 6. d5 c6 7. c4 O-O 8. Nc3 Qe8
9. h4 e5 10. dxe6 Bxe6 11. Qxd6 Bxc4 12. Be3 Na6 13. Bf3 Rf7 14. Qd2 Rd7 15.
Qc1 Ng4 16. Bxg4 fxg4 17. O-O b6 18. Rd1 Rad8 19. Rxd7 Rxd7 20. Rb1 c5 21. b3
Bf7 22. Nd1 Qe4 23. a3 Nc7 24. b4 Ba2 25. Ra1 Bxa1 26. Qxa1 Qb1 27. Qxb1 Bxb1
28. Nc3 c4 29. Kf1 Bf5 30. Ke1 Kf7 31. Bc1 h6 32. Ng2 Kg7 33. Bb2 Kf7 34. Bc1
Kg7 35. Bb2 Kh7 36. Ne3 b5 37. Ba1 a6 38. Bb2 Rd8 39. Ba1 Kg8 40. Bb2 Kf7 41.
Bc1 Kg7 42. Bb2 Kg8 43. Bc1 Rd6 44. Bd2 Kg7 45. Bc1 Kh7 46. Bb2 Rd8 47. Ba1 a5
48. bxa5 Ra8 49. Bb2 Rxa5 50. Kd2 Ne8 51. Ned5 Be6 52. Nf4 Bd7 53. Nfd5 g5 54.
hxg5 hxg5 55. Ne4 Kg6 56. Kc3 Ra7 57. Kb4 Bc6 58. Kc5 Bxd5 59. Kxd5 Kf5 60. Nc5
Nf6+ 61. Kc6 Ne4 62. Kxb5 c3 63. Bc1 Nxc5 64. Kxc5 Rb7 65. a4 Rb1 66. Be3 c2
67. a5 c1=Q+ 68. Bxc1 Rxc1+ 69. Kb6 Rb1+ 70. Kc7 Rb2  0-1

[Event "NOE Landesliga 2017/2018"]
[Site "verschiedene"]
[Date "2017.10.01"]
[Round "1"]
[Board "1"]
[White "Blatny, Pavel"]
[Black "Groetz, Harald"]
[Result "1/2-1/2"]
[WhiteElo "2351"]
[BlackElo "2335"]
[PlyCount "117"]
[EventDate "2017.10.01"]
[EventType "team"]
[EventRounds "11"]
[EventCountry "AUT"]
[WhiteTeam "SK Zwettl"]
[BlackTeam "SV Stockerau"]

1. b3 e5 2. Bb2 Nc6 3. e3 g6 4. g3 Bg7 5. Bg2 Nge7 6. Ne2 O-O 7. d3 d6 8. Nd2
Be6 9. h3 Qd7 10. a3 a5 11. Nf3 h6 12. d4 e4 13. Nd2 f5 14. Nf4 Bf7 15. h4 d5
16. c4 Nd8 17. Bh3 Ne6 18. cxd5 Nxd5 19. Nxd5 Qxd5 20. f3 Nc5 21. O-O exf3 22.
Qxf3 Qxf3 23. Rxf3 Bd5 24. Rff1 Nxb3 25. Nxb3 Bxb3 26. h5 Kh7 27. Rac1 c6 28.
Rf4 Rae8 29. Re1 Bc2 30. hxg6+ Kxg6 31. g4 fxg4 32. Rxg4+ Kh7 33. Bg2 Bg6 34.
e4 c5 35. e5 cxd4 36. Rxd4 Bf5 37. Rd5 b6 38. Bd4 Re6 39. Rd7 Rg6 40. e6 Re8
41. Bxb6 Bxe6 42. Ra7 Kh8 43. Kh1 Rg8 44. Re7 Bb3 45. Bxa5 Rxg2 46. Kxg2 Bc3+
47. Kh3 Bxa5 48. R1e5 Bd2 49. Re8 Rxe8 50. Rxe8+ Kg7 51. Re2 Bc1 52. Re1 Bd2
53. Re2 Bc1 54. Re1 Bg5 55. Re4 Kf6 56. a4 Bd2 57. Rd4 Ba5 58. Rd6+ Be6+ 59.
Rxe6+  1/2-1/2

[Event "NOE Landesliga 2017/2018"]
[Site "verschiedene"]
[Date "2017.10.01"]
[Round "1"]
[Board "2"]
[White "Piringer, Florian"]
[Black "Vyskocil, Neklan"]
[Result "0-1"]
[WhiteElo "2183"]
[BlackElo "2325"]
[PlyCount "98"]
[EventDate "2017.10.01"]
[EventType "team"]
[EventRounds "11"]
[EventCountry "AUT"]
[WhiteTeam "SV Stockerau"]
[BlackTeam "SK Zwettl"]

1. e4 c5 2. Nf3 g6 3. c4 Bg7 4. d4 cxd4 5. Nxd4 Nc6 6. Nc2 d6 7. Nc3 Nf6 8. Be2
O-O 9. O-O Nd7 10. Be3 Nc5 11. Nd4 Bd7 12. Rc1 a5 13. Qd2 Nxd4 14. Bxd4 Bc6 15.
f3 Qb6 16. Nd5 Bxd5 17. cxd5 Rfc8 18. Rc4 Bxd4+ 19. Qxd4 Nd7 20. Qxb6 Nxb6 21.
Rxc8+ Rxc8 22. Bd3 Na4 23. Rb1 e6 24. dxe6 fxe6 25. Kf1 Kf7 26. Ke2 Kf6 27. Bb5
Nb6 28. Rd1 Rc5 29. a4 d5 30. g3 Rc2+ 31. Rd2 Rxd2+ 32. Kxd2 dxe4 33. fxe4 Ke5
34. Ke3 g5 35. h4 gxh4 36. gxh4 Nc8 37. h5 Nd6 38. Bd3 Ne8 39. Be2 h6 40. b3
Nf6 41. Kd3 Nxe4 42. Kc4 Kd6 43. b4 axb4 44. Kxb4 b6 45. a5 bxa5+ 46. Kxa5 Kc5
47. Bg4 e5 48. Ka4 Nf6 49. Bd1 Kc4  0-1

[Event "NOE Landesliga 2017/2018"]
[Site "verschiedene"]
[Date "2017.10.01"]
[Round "1"]
[Board "3"]
[White "Buchnicek, Petr"]
[Black "Batyte, Daiva"]
[Result "1/2-1/2"]
[WhiteElo "2325"]
[BlackElo "2214"]
[PlyCount "87"]
[EventDate "2017.10.01"]
[EventType "team"]
[EventRounds "11"]
[EventCountry "AUT"]
[WhiteTeam "SK Zwettl"]
[BlackTeam "SV Stockerau"]

1. e4 e6 2. d4 d5 3. e5 c5 4. c3 Nc6 5. Nf3 cxd4 6. cxd4 Nh6 7. Nc3 Nf5 8. a3
Be7 9. Be2 a6 10. O-O O-O 11. Kh1 Bd7 12. g4 Nh4 13. Nxh4 Bxh4 14. f4 f6 15.
exf6 Bxf6 16. Be3 g6 17. g5 Bg7 18. Qd3 Ne7 19. Bg4 Nf5 20. Rad1 Rc8 21. Rf3
Rc4 22. b3 Nxe3 23. Qxe3 Rc6 24. h4 Qc7 25. Ne2 Qd6 26. a4 b5 27. axb5 axb5 28.
h5 gxh5 29. Bxh5 Rc2 30. Rf2 b4 31. Qd3 Rb2 32. Rh2 Rxe2 33. Bxe2 Rxf4 34. Rf1
Rxf1+ 35. Bxf1 Qf4 36. Qxh7+ Kf8 37. Qd3 e5 38. Bh3 Bxh3 39. Rxh3 e4 40. Qb5
Qc1+ 41. Kg2 Qd2+ 42. Kf1 Qd1+ 43. Kg2 Qd2+ 44. Kf1  1/2-1/2

[Event "NOE Landesliga 2017/2018"]
[Site "verschiedene"]
[Date "2017.10.01"]
[Round "1"]
[Board "4"]
[White "Schirmbeck, Hannes"]
[Black "Zwettler, Martin"]
[Result "0-1"]
[WhiteElo "2195"]
[BlackElo "2224"]
[PlyCount "38"]
[EventDate "2017.10.01"]
[EventType "team"]
[EventRounds "11"]
[EventCountry "AUT"]
[WhiteTeam "SV Stockerau"]
[BlackTeam "SK Zwettl"]

1. e4 c5 2. Nc3 g6 3. Nf3 Bg7 4. d4 cxd4 5. Nxd4 Nc6 6. Be3 Nf6 7. f3 O-O 8.
Bc4 Qb6 9. Bb5 Ng4 10. Nd5 Nxe3 11. Nxb6 Nxd1 12. Nxc6 bxc6 13. Nxa8 Ne3 14.
Kd2 Bh6 15. Bd3 Nxg2+ 16. Kd1 Nf4 17. Bc4 Ne6 18. f4 Bxf4 19. Rf1 Be5  0-1

[Event "NOE Landesliga 2017/2018"]
[Site "verschiedene"]
[Date "2017.10.01"]
[Round "1"]
[Board "1"]
[White "Khalakhan, Jurij"]
[Black "Sandhoefner, Florian"]
[Result "1/2-1/2"]
[WhiteElo "2199"]
[BlackElo "2267"]
[PlyCount "32"]
[EventDate "2017.10.01"]
[EventType "team"]
[EventRounds "11"]
[EventCountry "AUT"]
[WhiteTeam "SG Litschau/Eisgarn"]
[BlackTeam "SV Amstetten"]

1. e4 c5 2. Nc3 e6 3. f4 d5 4. Bb5+ Bd7 5. Bxd7+ Qxd7 6. d3 Nc6 7. Nf3 d4 8.
Nb1 Nf6 9. a4 Be7 10. Na3 O-O 11. Nc4 b6 12. O-O Qb7 13. b3 a6 14. Nce5 Nd7 15.
Nxc6 Qxc6 16. Ne5 Nxe5  1/2-1/2

[Event "NOE Landesliga 2017/2018"]
[Site "verschiedene"]
[Date "2017.10.01"]
[Round "1"]
[Board "2"]
[White "Rumpl, Erwin"]
[Black "Bauer, Thomas"]
[Result "0-1"]
[WhiteElo "2295"]
[BlackElo "2178"]
[PlyCount "90"]
[EventDate "2017.10.01"]
[EventType "team"]
[EventRounds "11"]
[EventCountry "AUT"]
[WhiteTeam "SV Amstetten"]
[BlackTeam "SG Litschau/Eisgarn"]

1. Nf3 d6 2. d4 Nf6 3. g3 g6 4. b3 Bg7 5. Bb2 O-O 6. Bg2 a6 7. O-O Nc6 8. Re1
Rb8 9. e4 e5 10. h3 Re8 11. dxe5 Nd7 12. Qc1 dxe5 13. Nbd2 Bh6 14. Qd1 f6 15.
Nc4 Nf8 16. c3 Qe7 17. Ba3 Qf7 18. Qe2 Be6 19. Bf1 Na7 20. Rad1 Rbd8 21. Kg2
Kh8 22. Qc2 Nd7 23. Ne3 Nb5 24. Bb2 Bf8 25. Bc4 Nc5 26. Bxe6 Nxe6 27. Rxd8 Rxd8
28. a4 Na7 29. c4 Nc6 30. Nd5 Bc5 31. Rd1 Ncd4 32. Bxd4 Bxd4 33. Nc3 Rd6 34.
Ne2 Qd7 35. h4 h5 36. Nc3 Bxc3 37. Rxd6 Qxd6 38. Qxc3 Kg7 39. Nd2 Nc5 40. Qc2
Qd4 41. Kf1 Nd3 42. Nb1 Qxe4 43. Nc3 Qh1+ 44. Ke2 e4 45. Ke3 Qf3+  0-1

[Event "NOE Landesliga 2017/2018"]
[Site "verschiedene"]
[Date "2017.10.01"]
[Round "1"]
[Board "4"]
[White "Wadsack, Winfried"]
[Black "Popelka, Oldrich"]
[Result "0-1"]
[WhiteElo "2127"]
[BlackElo "2123"]
[PlyCount "116"]
[EventDate "2017.10.01"]
[EventType "team"]
[EventRounds "11"]
[EventCountry "AUT"]
[WhiteTeam "SV Amstetten"]
[BlackTeam "SG Litschau/Eisgarn"]

1. e4 c5 2. c3 Nf6 3. e5 Nd5 4. d4 cxd4 5. Nf3 d6 6. exd6 Qxd6 7. Qxd4 Nc6 8.
Bb5 Bd7 9. Bxc6 Bxc6 10. O-O e6 11. Rd1 Qc5 12. Qe5 Nf6 13. Be3 Qxe5 14. Nxe5
Nd5 15. Bd4 f6 16. Nxc6 bxc6 17. c4 Nb4 18. Na3 e5 19. Be3 Ke7 20. Rd2 Ke6 21.
Nc2 Nxc2 22. Rxc2 Bb4 23. Rd1 Rhd8 24. Rxd8 Rxd8 25. Kf1 Rd1+ 26. Ke2 Re1+ 27.
Kf3 a5 28. c5 Rb1 29. a3 Be1 30. Ke2 a4 31. Rc4 Ba5 32. Rxa4 Rxb2+ 33. Kd3 Be1
34. Ra7 g5 35. Rxh7 Bxf2 36. Kc3 Re2 37. Bxf2 Rxf2 38. a4 Rxg2 39. Rh3 g4 40.
Rh4 g3 41. hxg3 Rxg3+ 42. Kb4 Rg8 43. Ka5 Rb8 44. Ka6 f5 45. Ka7 Rb3 46. a5 f4
47. a6 f3 48. Rh6+ Kd5 49. Rh5 Ke4 50. Ka8 f2 51. Rh1 Rf3 52. Kb7 f1=Q 53. Rxf1
Rxf1 54. Kxc6 Ra1 55. Kb7 Kd5 56. c6 Rxa6 57. Kxa6 Kxc6 58. Ka5 Kc5  0-1

[Event "NOE Landesliga 2017/2018"]
[Site "verschiedene"]
[Date "2017.10.15"]
[Round "2"]
[Board "1"]
[White "Sandhoefner, Florian"]
[Black "Krejci, Jan"]
[Result "0-1"]
[WhiteElo "2267"]
[BlackElo "2538"]
[PlyCount "56"]
[EventDate "2017.10.01"]
[EventType "team"]
[EventRounds "11"]
[EventCountry "AUT"]
[WhiteTeam "SV Amstetten"]
[BlackTeam "SK Zwettl"]

1. d4 Nf6 2. c4 e6 3. Nc3 Bb4 4. Qc2 d5 5. cxd5 exd5 6. Bg5 c5 7. dxc5 h6 8.
Bh4 O-O 9. e3 Be6 10. Nf3 Nbd7 11. a3 Bxc5 12. Be2 Rc8 13. O-O Be7 14. Rfd1 Ne4
15. Bxe7 Qxe7 16. Rd3 Qf6 17. Rc1 Rc5 18. Qa4 a6 19. Qd4 Rfc8 20. Qxf6 gxf6 21.
a4 Nb6 22. Rd4 Nxc3 23. Rxc3 Rxc3 24. bxc3 Rxc3 25. Rb4 Rc1+ 26. Bf1 Nc4 27.
Rxb7 Bf5 28. Rb3 Be4  0-1

[Event "NOE Landesliga 2017/2018"]
[Site "verschiedene"]
[Date "2017.10.15"]
[Round "2"]
[Board "2"]
[White "Zwettler, Martin"]
[Black "Rumpl, Erwin"]
[Result "1/2-1/2"]
[WhiteElo "2224"]
[BlackElo "2295"]
[PlyCount "21"]
[EventDate "2017.10.01"]
[EventType "team"]
[EventRounds "11"]
[EventCountry "AUT"]
[WhiteTeam "SK Zwettl"]
[BlackTeam "SV Amstetten"]

1. c4 b6 2. Nc3 Bb7 3. e4 e6 4. g3 Bb4 5. Nge2 Ne7 6. Bg2 O-O 7. O-O Na6 8. a3
Bxc3 9. Nxc3 d5 10. exd5 exd5 11. d3  1/2-1/2

[Event "NOE Landesliga 2017/2018"]
[Site "verschiedene"]
[Date "2017.10.15"]
[Round "2"]
[Board "3"]
[White "Rechberger, Franz"]
[Black "Janetschek, Karl"]
[Result "1/2-1/2"]
[WhiteElo "2134"]
[BlackElo "2224"]
[PlyCount "29"]
[EventDate "2017.10.01"]
[EventType "team"]
[EventRounds "11"]
[EventCountry "AUT"]
[WhiteTeam "SV Amstetten"]
[BlackTeam "SK Zwettl"]

1. d4 d5 2. c4 c6 3. Nc3 Nf6 4. Nf3 e6 5. e3 a6 6. Bd3 b5 7. b3 Be7 8. O-O Nbd7
9. Qc2 h6 10. a4 b4 11. Ne2 c5 12. Bb2 Bb7 13. Ne5 dxc4 14. Bxc4 cxd4 15. Nxd7
 1/2-1/2

[Event "NOE Landesliga 2017/2018"]
[Site "verschiedene"]
[Date "2017.10.15"]
[Round "2"]
[Board "4"]
[White "Mlynek, Petr"]
[Black "Wadsack, Winfried"]
[Result "1-0"]
[WhiteElo "2135"]
[BlackElo "2127"]
[PlyCount "113"]
[EventDate "2017.10.01"]
[EventType "team"]
[EventRounds "11"]
[EventCountry "AUT"]
[WhiteTeam "SK Zwettl"]
[BlackTeam "SV Amstetten"]

1. d4 d5 2. c4 dxc4 3. Nf3 Nf6 4. e3 Bg4 5. Bxc4 e6 6. O-O a6 7. h3 Bxf3 8.
Qxf3 Nc6 9. Nc3 Bd6 10. Ne4 Nxe4 11. Qxe4 Qf6 12. Bd2 Qg6 13. Qf3 Qc2 14. Bc3
Qg6 15. Rad1 O-O 16. Bd3 f5 17. e4 fxe4 18. Qxe4 Qxe4 19. Bxe4 Nd8 20. Rfe1 c6
21. Bf3 g6 22. Ba5 Re8 23. Rd3 Rc8 24. Bg4 h5 25. Bd1 Bc7 26. Bb4 Bb6 27. Bb3
Rc7 28. Bc5 Ba5 29. Re5 Kg7 30. Rde3 Rd7 31. Rg5 Kh7 32. Reg3 Bc7 33. Bc2 Bxg3
34. Bxg6+ Kh6 35. Bxe8 Kxg5 36. Bxd7 Bc7 37. g3 Kf6 38. Be8 h4 39. gxh4 b6 40.
Bb4 a5 41. Bd2 Ke7 42. Bg6 Kf6 43. Be4 c5 44. Bg5+ Kg7 45. dxc5 bxc5 46. b3 Nf7
47. Kg2 Nh6 48. Kf3 Nf5 49. Bxf5 exf5 50. Be7 Bb6 51. Kf4 Kf7 52. Bd6 Ke6 53.
Bb8 c4 54. bxc4 Bxf2 55. h5 Bd4 56. Kg5 a4 57. Kg6  1-0

[Event "NOE Landesliga 2017/2018"]
[Site "verschiedene"]
[Date "2017.10.15"]
[Round "2"]
[Board "2"]
[White "Vrana, Frantisek"]
[Black "Batyte, Daiva"]
[Result "1-0"]
[WhiteElo "2253"]
[BlackElo "2214"]
[PlyCount "81"]
[EventDate "2017.10.01"]
[EventType "team"]
[EventRounds "11"]
[EventCountry "AUT"]
[WhiteTeam "SV Mistelbach"]
[BlackTeam "SV Stockerau"]

1. d4 Nf6 2. Nf3 g6 3. c4 Bg7 4. Nc3 d6 5. e4 O-O 6. Be2 e5 7. O-O exd4 8. Nxd4
Re8 9. f3 Nbd7 10. Be3 Nc5 11. Qd2 a5 12. Rad1 Bd7 13. Ndb5 Bxb5 14. cxb5 Nfd7
15. Rfe1 Nb6 16. Qc2 Qe7 17. Bf1 a4 18. Nb1 Qe6 19. Nc3 Rec8 20. Nd5 Nxd5 21.
Rxd5 c6 22. bxc6 bxc6 23. Rd2 Qxa2 24. Bxc5 dxc5 25. Bc4 Qxb2 26. Qxb2 Bxb2 27.
Rxb2 a3 28. Rc2 Rcb8 29. Ree2 Rb1+ 30. Kf2 Rab8 31. Ke3 R8b4 32. Ba2 R1b2 33.
Rxb2 axb2 34. Bb1 Rb3+ 35. Kd2 c4 36. Kc2 Kf8 37. Rd2 c5 38. Ba2 c3 39. Bxb3
cxd2 40. Kxb2 c4 41. Bd1  1-0